01480nam a2200301 i 4500001001000000003000900010005001700019007000300036008004100039020001800080040003000098041001300128082002200141245019500163264004700358300010200405336002700507337003300534338002800567500012800595590002700723700005200750910004800802942001400850952014600864952015101010999001701161000032181DO-SdBNP20240903105450.0ta110713s2009 ck ao r 000 0 spa d a9789587032147 aDO-SdBNPbspacBNPHUerda aspaaeng 4a423.61 bD54522200aDiccionario multiconsulta = Multireference dictionary : bEspañol - Inglés, Inglés - Español / cEditor Gustavo de Elorza Ajamil ; dirección Martha Ordóñez Q., Volney Tovar Q. 1aColombia :bCultural Internacional,c2009. a462, 65, 436 páginas con numeración variada :bilustraciones, fotografías ;c27 cm.ecd rom 2rdacontentatextobtxt 2rdamediaasin mediaciónbn 2rdacarrieravolumenbnc aTérminos de electrónica, informática, ciencia, mecánica = Terms of electronics, informatics, scientific, mechanics. aInventariado, 2024/ YL1 aElorza Ajamil, Gustavo de eeditor9582654edt. aYLockward. Validado, control de calidad/MAA 2ddccLBS1 00102ddc56708GR-RaBNPHUbBNPHUcHDd2012-08-07eCompral0oBNPHU R-GR 423.61 D545p32181-10r2020-06-25w2012-08-07yLBS1ZNo se presta 00102ddc56708GR-RaBNPHUbBNPHUcHDd2012-08-07eCompral0oBNPHU R-GR 423.61 D545p32181-20r2020-06-25te. 2w2020-06-25yLBS1ZNo se presta c31672d31672